000 00707nam a2200265Ia 4500
003 OSt
005 20221005085508.0
006 a|||||r|||| 00| 0
007 ta
008 221004b |||||||| |||| 00| 0 eng d
020 _a0029267358
024 _a21619
037 _cTextual
040 _aCRL
_cCRL
_beng
041 _2eng
_aeng
082 _aY:393v, N4
100 _aRogers Everett M
_9131799
245 0 _aHistory of communication study
_b A biographical approach
260 _aNew York
_bFree Press USA
_c1994
300 _a576p.
_ccm.
650 _a SOCIOLOGY
650 _aCOMMUNICATION
942 _hY:393v, N4
_cTEXL
_2cc
999 _c994322
_d994322